Kvalita jazykového vzdelávania na univerzitách v Európe II medzinárodné sympózium pod záštitou CercleS : zborník príspevkov : Bratislava, 5. a 6. júna 2008

Salvato in:
Dettagli Bibliografici
Enti autori: Kvalita jazykového vzdelávania na univerzitách v Európe II. Medzinárodné sympózium, Česká a Slovenská asociácia učiteľov cudzích jazykov na vysokých školách (CASAJC), Ekonomická univerzita v Bratislave. Ústav jazykov, Európska konfederácia univerzitných jazykových centier
Altri autori: Šajgalíková, Helena, Breveníková, Daniela, Wojčák, Emil, Blašková, Silvia
Natura: Libro
Lingua:slovacco
inglese
ceco
tedesco
Pubblicazione: Bratislava Vydavateľstvo EKONÓM 2008
Soggetti:
Tags: Aggiungi Tag
Nessun Tag, puoi essere il primo ad aggiungerne!!

MARC

LEADER 00000nlm$a2200000$$$4500
001 0093747
005 20240507111423.1
020 |a 978-80-225-2647-0 
041 0 |a slo 
041 0 |a eng 
041 0 |a cze 
041 0 |a ger 
044 |a SK 
245 1 0 |a Kvalita jazykového vzdelávania na univerzitách v Európe II  |b medzinárodné sympózium pod záštitou CercleS : zborník príspevkov : Bratislava, 5. a 6. júna 2008  |c editori: Helena Šajgalíková, Daniela Breveníková, Emil Wojčák 
264 1 |a Bratislava  |b Vydavateľstvo EKONÓM  |c 2008 
300 |a CD-ROM 
610 2 0 |a jazyky cudzie 
610 2 0 |a vyučovanie 
610 2 0 |a univerzity 
610 2 0 |a Európa 
700 1 |a Šajgalíková, Helena 
700 1 |a Breveníková, Daniela 
700 1 |a Wojčák, Emil 
700 1 |a Šajgalíková, Helena 
700 1 |a Blašková, Silvia 
110 2 |a Kvalita jazykového vzdelávania na univerzitách v Európe II. Medzinárodné sympózium 
710 2 |a Česká a Slovenská asociácia učiteľov cudzích jazykov na vysokých školách (CASAJC) 
710 2 |a Ekonomická univerzita v Bratislave. Ústav jazykov 
710 2 |a Európska konfederácia univerzitných jazykových centier